| Registos Bibliográficos associados ao registo de autoridade |
|
Etiqueta de registo: 01305cas 2200361 450 001 458253 003 http://id.bnportugal.gov.pt/bib/catbnp/458253 005 19990101000000.0 095 ## $aPTBN00660721 100 ## $a19990101b18921892m y0pory01030103ba 101 0# $apor 102 ## $aPT 106 ## $ar 110 ## $aadazz 0uu0 200 1# $a O Archivo Precioso$epublicação quinzenal$fadm. Alfredo Mineiro 207 #0 $aA. 1, nº 1 (jan. 1892) - a. 1, nº 7 (maio 1892) 210 #9 $aLisboa$cTyp. Costa Sanches Filhos,$d1892 215 ## $d32 cm 326 ## $aQuinzenal 518 1# $a O arquivo precioso 620 ## $dLisboa 702 #1 $aMineiro,$bAlfredo$4300$3146418 712 02 $aTipografia Costa Sanches Filhos$4610$31786511 801 #0 $aPT$bBN$gRPC 856 40 $uhttps://purl.pt/38718 856 41 $uhttps://purl.pt/38718/service/media/cover/low 856 49 $uhttps://purl.pt/38718/service/media/pdf$qapplication/pdf 930 ## $dJ. 1166 B.$jA. 1, n 1 (Jan. 1892) - A. 1, n 7 (Maio 1892)$lBN$mNORMAL 930 ## $dJ. 3146//2 B.$jA. 1, n 1 (Jan. 1892)$lBN$mNORMAL 930 ## $dJ. 3146//2 B.$jA. 1, n 4 (Mar. 1892)$lBN$mNORMAL 958 ## $aBND$bLivre$cDigitalizado$d1$ehttps://purl.pt/38718/service/media/cover/max 966 ## $lBN$mFGJOR$sJ. 1166 B. 966 ## $lBN$mFGJOR$sJ. 3146//2 B.
|
|
|